|
|
|
|
| LEADER |
00000nbm0a2200000 4500 |
| 001 |
143789 |
| 005 |
20231031143349.0 |
| 035 |
|
|
|a (RuTPU)RU\TPU\book\155823
|
| 090 |
|
|
|a 143789
|
| 100 |
|
|
|a 20080924d1966 k y0rusy50 ca
|
| 101 |
0 |
|
|a rus
|
| 102 |
|
|
|a RU
|
| 105 |
|
|
|a a m 001zy
|
| 200 |
1 |
|
|a Вопросы измерения малых неравномерностей движения луча в передающих трубках
|e Диссертация на соискание ученой степени кандидата технических наук
|f Л. П. Турченков
|g Томский институт радиоэлектроники и электронной техники (ТИРиЭТ) ; науч. рук. И. Н. Пустынский
|
| 210 |
|
|
|a Томск
|d 1966
|
| 215 |
|
|
|a 205 л.
|c ил.
|
| 320 |
|
|
|a Библиогр.: с. 194-205 (107 назв.)
|
| 610 |
1 |
|
|a неравновесность
|
| 610 |
1 |
|
|a диссертации
|
| 610 |
1 |
|
|a лучи
|
| 610 |
1 |
|
|a движение в трубах
|
| 610 |
1 |
|
|a передающие трубки
|
| 610 |
1 |
|
|a измерение
|
| 610 |
1 |
|
|a измерители
|
| 610 |
1 |
|
|a изображения
|
| 610 |
1 |
|
|a искажения
|
| 610 |
1 |
|
|a растровые режимы
|
| 610 |
1 |
|
|a погрешности
|
| 610 |
1 |
|
|a анализ
|
| 675 |
|
|
|a 621.397.6(04)
|v 3
|
| 700 |
|
1 |
|a Турченков
|b Л. П.
|
| 702 |
|
1 |
|a Пустынский
|b И. Н.
|c радиотехник, доктор технических наук, профессор
|c ректор Томского государственного университета систем управления и радиоэлектроники (1984-1999)
|f 1934-2017
|g Иван Николаевич
|2 stltpush
|3 (RuTPU)RU\TPU\pers\11825
|4 727
|
| 712 |
0 |
2 |
|a Томский институт радиоэлектроники и электронной техники (ТИРиЭТ)
|c (1962-1971)
|2 stltpush
|3 (RuTPU)RU\TPU\col\44
|
| 801 |
|
1 |
|a RU
|b 63413507
|c 20080924
|g PSBO
|
| 801 |
|
2 |
|a RU
|b 63413507
|c 20220208
|g RCR
|
| 942 |
|
|
|c BK
|